Statistics for San Antonio Spurs Championship Teams

Click here to take the quiz!

General Stats

  • This quiz has been taken 587 times
  • The average score is 11 of 32

Answer Stats

YearsPlayer% Correct
1999, 2003, 2005, 2007, 2014Tim Duncan
100%
2003, 2005, 2007, 2014Tony Parker
99%
2003, 2005, 2007, 2014Manu Ginobili
97%
2014Kawhi Leonard
95%
1999, 2003David Robinson
91%
2014Danny Green
62%
2003, 2005, 2007Bruce Bowen
50%
2014Tiago Splitter
44%
1999Avery Johnson
43%
2014Boris Diaw
42%
2014Patty Mills
41%
2005, 2007Robert Horry
36%
1999Sean Elliott
34%
1999Jaren Jackson
31%
2003Stephen Jackson
31%
1999, 2003Steve Kerr
25%
2007Matt Bonner
20%
2014Marco Belinelli
19%
2007Michael Finley
19%
2003Steve Smith
18%
2007Fabricio Oberto
15%
1999Mario Elie
14%
2005, 2007Brent Barry
13%
2014Cory Joseph
9%
1999, 2003, 2005Malik Rose
9%
2005Devin Brown
8%
2005Rasho Nesterovic
7%
1999Will Perdue
4%
1999Antonio Daniels
3%
2005Beno Udrih
3%
2003Kevin Willis
3%
2007Francisco Elson
2%

Score Distribution

Percentile by Number Answered

Percent of People with Each Score

Your Score History

You have not taken this quiz